[Event "World Rapid Women 2019"]
[Site "Moscow RUS"]
[Date "2019.12.26"]
[Round "4.21"]
[White "Paehtz, Elisabeth"]
[Black "Ovod, Evgenija"]
[Result "1/2-1/2"]
[WhiteTitle "IM"]
[BlackTitle "IM"]
[WhiteElo "2475"]
[BlackElo "2362"]
[WhiteFideId "4641833"]
[BlackFideId "4131827"]
[EventDate "2019.12.26"]
[EventType "rapid"]

1. d4 d5 2. Bf4 Nf6 3. e3 e6 4. Nd2 Bd6 5. Bg3 O-O 6. Ngf3 c5 7. c3 b6 8. Ne5
Bb7 9. Bh4 Nc6 10. f4 Be7 11. Bd3 Ne4 12. Bg3 f6 13. Nef3 f5 14. Bb5 Bf6 15. O-O
a6 16. Be2 c4 17. Nxe4 fxe4 18. Ne5 Nxe5 19. fxe5 Bg5 20. Qd2 Qd7 21. Bg4 Rxf1+
22. Rxf1 Rf8 23. Rxf8+ Kxf8 24. Qf2+ Kg8 25. h4 Bd8 26. Bf4 b5 27. a3 a5 28. Qg3
Bc8 29. Bh6 Qf7 30. Bh5 g6 31. Bd1 Be7 32. Bg5 Kf8 33. h5 Bd7 34. Qh4 Bxg5 35.
Qxg5 a4 36. Qd8+ Kg7 37. Bg4 h6 38. hxg6 Kxg6 39. Qh8 Kg5 40. Be2 Be8 41. g3 Kg6
42. Kg2 Kg5 43. Kh3 Kg6 44. Kg2 Kg5 45. Bd1 Kg6 46. Be2 Kg5 47. Kh3 Kg6 48. Kh4
Qe7+ 49. Kg4 Qg5+ 50. Kh3 Qf5+ 51. Bg4 Qf7 52. Kg2 Kg5 53. Be2 Kg6 54. g4 Kg5
55. Kg3 Kg6 56. Kg2 Kg5 57. Bd1 Kg6 58. Be2 Kg5 59. Kg3 Kg6 1/2-1/2

[Event "World Rapid Women 2019"]
[Site "Moscow RUS"]
[Date "2019.12.26"]
[Round "4.22"]
[White "Shuvalova, Polina"]
[Black "Kovanova, Baira"]
[Result "1-0"]
[WhiteTitle "WGM"]
[BlackTitle "WGM"]
[WhiteElo "2446"]
[BlackElo "2335"]
[WhiteFideId "24171760"]
[BlackFideId "4164083"]
[EventDate "2019.12.26"]
[EventType "rapid"]

1. e4 e5 2. Nf3 Nc6 3. Bb5 a6 4. Ba4 Nge7 5. O-O g6 6. c3 Bg7 7. d4 exd4 8. cxd4
b5 9. Bc2 d6 10. h3 O-O 11. a4 Bb7 12. Nc3 b4 13. Ne2 Na5 14. Bg5 h6 15. Bh4 Re8
16. Rc1 c5 17. b3 cxd4 18. Nexd4 Qb6 19. Bg3 Rac8 20. Re1 Red8 21. Bf4 Nac6 22.
Be3 Qa5 23. Nxc6 Nxc6 24. Nd2 d5 25. exd5 Nd4 26. Be4 Bxd5 27. Rxc8 Rxc8 28.
Bxd4 Bxd4 29. Bxd5 Qxd5 30. Nf3 Rd8 31. Nxd4 Kg7 32. Nf5+ gxf5 33. Qh5 f4 34.
Qg4+ Qg5 35. Qf3 Rd4 36. Kh2 a5 37. Re8 Rd5 38. Re4 Rf5 39. Rc4 Qf6 40. Qg4+ Qg5
41. Qd1 Rd5 42. Qf3 Rf5 43. Qa8 Rc5 44. Rd4 Qe5 45. Re4 Qf6 46. Re8 f3 47. Rg8+
Kh7 48. Rg3 Rg5 49. Qe4+ Qf5 50. Qxf3 Qxf3 51. Rxf3 Kg7 52. g3 Rc5 53. Kg2 Rc3
54. g4 Kg6 55. h4 f6 56. Kg3 h5 57. Re3 Rc1 58. f3 Rc3 59. Kf4 Rc1 60. Re6 hxg4
61. fxg4 Rf1+ 62. Kg3 Rg1+ 63. Kf3 Rb1 64. Re3 Rf1+ 65. Kg3 Rg1+ 66. Kf4 Rf1+
67. Rf3 Rc1 68. h5+ Kh6 69. Kg3 Rc3 70. Kf4 Rc1 71. Kf5 Rc3 72. Ke4 Rc6 73. Kd5
Ra6 74. Rf5 Kg7 75. Rf3 Ra8 76. Ke4 Ra6 77. Rd3 Rc6 78. Kf5 Rc5+ 79. Ke4 Re5+
80. Kf4 Rc5 81. Rd7+ Kh6 82. Rf7 Rc3 83. Rxf6+ Kg7 84. Rg6+ Kh7 85. Ra6 Rxb3 86.
Rxa5 Rb1 87. Ra7+ Kg8 88. Kg5 1-0

[Event "World Rapid Women 2019"]
[Site "Moscow RUS"]
[Date "2019.12.26"]
[Round "4.23"]
[White "Nomin-Erdene, Davaademberel"]
[Black "Atalik, Ekaterina"]
[Result "0-1"]
[WhiteTitle "IM"]
[BlackTitle "IM"]
[WhiteElo "2425"]
[BlackElo "2462"]
[WhiteFideId "4900782"]
[BlackFideId "4130189"]
[EventDate "2019.12.26"]
[EventType "rapid"]

1. f4 d5 2. g3 g6 3. Nf3 Bg7 4. Bg2 c5 5. d3 Nc6 6. O-O Nf6 7. c3 O-O 8. Na3 b6
9. Qc2 Bb7 10. e4 e6 11. h3 Qd7 12. Be3 Rad8 13. Rad1 Qc8 14. Nh4 c4 15. dxc4
Nxe4 16. Kh2 f5 17. cxd5 exd5 18. Nf3 Rfe8 19. Bg1 Ba6 20. Rfe1 Rd7 21. Nd4 Nd8
22. Qb3 Nf7 23. Nf3 Bb7 24. Bd4 Rde7 25. Bxg7 Kxg7 26. Qa4 Qc5 27. Qd4+ Qxd4 28.
Rxd4 Nc5 29. Rxe7 Rxe7 30. Rd2 h6 31. Nb5 Ba6 32. Nbd4 Kf6 33. Nc6 Re3 34. Nb4
Bb7 35. Nxd5+ Bxd5 36. Rxd5 Ne4 37. Nd2 Re2 38. Nc4 Ke6 39. Rd4 b5 40. Ne5 Nxe5
41. fxe5 Rxb2 42. a4 Kxe5 43. axb5 Rxb5 44. Ra4 a5 45. c4 Rc5 46. Bf1 Kd4 47.
Kg2 Nd2 48. Be2 Ke3 49. Bf1 Nxf1 50. Kxf1 Kd3 51. Kf2 Kc2 52. Ke3 Kc3 53. h4 g5
54. hxg5 hxg5 55. Ra1 Kxc4 56. Rb1 a4 57. Kd2 Ra5 58. Kc2 a3 59. Rc1 a2 60. Kb2+
Kd4 61. Ka1 Ke3 62. Rc3+ Kf2 63. Rd3 f4 64. gxf4 gxf4 65. Rd8 f3 0-1

[Event "World Rapid Women 2019"]
[Site "Moscow RUS"]
[Date "2019.12.26"]
[Round "4.24"]
[White "Socko, Monika"]
[Black "Munkhzul, Davaakhuu"]
[Result "1/2-1/2"]
[WhiteTitle "GM"]
[BlackTitle "WCM"]
[WhiteElo "2407"]
[BlackElo "1991"]
[WhiteFideId "1106619"]
[BlackFideId "4902815"]
[EventDate "2019.12.26"]
[EventType "rapid"]

1. d4 d5 2. c4 e6 3. Nf3 a6 4. Nbd2 Nf6 5. g3 dxc4 6. Nxc4 b5 7. Nce5 Bb7 8. Bg2
Bb4+ 9. Bd2 Bxd2+ 10. Qxd2 c5 11. Nxf7 Kxf7 12. Ne5+ Ke7 13. Bxb7 Ra7 14. Qg5
Rg8 15. Nc6+ Nxc6 16. Qxc5+ Qd6 17. Bxc6 Qxc5 18. dxc5 Rc7 19. Bf3 Rxc5 20. O-O
Rc2 21. Rfb1 e5 22. Bb7 Rb8 23. Bf3 e4 24. Bg2 Rxe2 25. b4 Rd8 26. Re1 Rxe1+ 27.
Rxe1 Rd4 28. a3 Kd6 29. h3 Rd3 30. g4 g5 31. h4 h6 32. hxg5 hxg5 33. Bxe4 Nxe4
34. Rxe4 Rxa3 35. Kg2 Kd5 36. f3 Rc3 37. Kg3 Rc4 38. Re8 Rxb4 39. Rg8 a5 40.
Rxg5+ Ke6 41. f4 a4 42. Rg6+ Kf7 43. Ra6 Rb3+ 44. Kh4 a3 45. Kg5 b4 46. Ra7+ Ke8
47. f5 Rg3 48. f6 Rg2 49. f7+ Kf8 50. Kf6 Rf2+ 51. Kg6 a2 52. Ra8+ Ke7 53. Ra7+
Kf8 54. Ra8+ Ke7 55. Ra7+ Kf8 56. Ra8+ 1/2-1/2

[Event "World Rapid Women 2019"]
[Site "Moscow RUS"]
[Date "2019.12.26"]
[Round "4.25"]
[White "Song, Yuxin"]
[Black "Cramling, Pia"]
[Result "1/2-1/2"]
[WhiteTitle "WIM"]
[BlackTitle "GM"]
[WhiteElo "2299"]
[BlackElo "2461"]
[WhiteFideId "8614300"]
[BlackFideId "1700030"]
[EventDate "2019.12.26"]
[EventType "rapid"]

1. e4 c5 2. Ne2 e6 3. d4 cxd4 4. Nxd4 a6 5. c4 Nf6 6. Nc3 Bb4 7. Qd3 d6 8. Nc2
Bxc3+ 9. Qxc3 O-O 10. f3 e5 11. Be2 Be6 12. O-O Qc7 13. Bg5 Nbd7 14. Ne3 Rfc8
15. Rfd1 h6 16. Bxf6 Nxf6 17. Qd2 b5 18. cxb5 axb5 19. Qxd6 Qa7 20. Kf2 Rc2 21.
Rd2 Rac8 22. Rad1 R2c5 23. b4 Rc3 24. Rd3 Rxd3 25. Qxd3 Qxa2 26. Qxb5 Qb2 27.
Qd3 Qxb4 28. Qd6 Qxd6 29. Rxd6 1/2-1/2

[Event "World Rapid Women 2019"]
[Site "Moscow RUS"]
[Date "2019.12.26"]
[Round "4.26"]
[White "Gunina, Valentina"]
[Black "Bivol, Alina"]
[Result "1-0"]
[WhiteTitle "GM"]
[BlackTitle "WGM"]
[WhiteElo "2492"]
[BlackElo "2374"]
[WhiteFideId "4167570"]
[BlackFideId "4100123"]
[EventDate "2019.12.26"]
[EventType "rapid"]

1. e4 e6 2. d4 d5 3. Nd2 c5 4. Ngf3 cxd4 5. exd5 exd5 6. Bb5+ Bd7 7. Bxd7+ Nxd7
8. O-O Bd6 9. Nb3 Ne7 10. Qxd4 O-O 11. Bg5 f6 12. Bf4 Qc7 13. Rfe1 Nb6 14. Bxd6
Qxd6 15. Rad1 Rac8 16. c3 Ng6 17. g3 Rfd8 18. Re2 Nc4 19. Qxa7 b6 20. Qa4 Ra8
21. Qb5 Rxa2 22. Re8+ Rxe8 23. Qxe8+ Qf8 24. Qc6 Ne7 25. Qe6+ Qf7 26. Qd7 Rxb2
27. Ra1 h6 28. Nbd4 Ne5 29. Qd8+ Kh7 30. Ra8 Nxf3+ 31. Nxf3 Qg8 32. Qxg8+ Nxg8
33. Nd4 Rb1+ 34. Kg2 Rc1 35. Rc8 Ne7 36. Rc7 Re1 37. Rb7 Kg6 38. Rxb6 Nf5 39.
Ne6 Ne7 40. h4 Kf7 41. Nd8+ Ke8 42. Nb7 Rc1 43. Nd6+ Kd7 44. Nb5 Rc2 45. Rd6+
Kc8 46. Ra6 Nf5 47. Kf3 Rb2 48. Rb6 Rc2 49. Rc6+ Kb7 50. Rc5 Rd2 51. Na3 Kb6 52.
Rc8 Nd6 53. Rd8 Kc7 54. Rg8 Rd3+ 55. Kg2 Rxc3 56. Rxg7+ Kc6 57. Ra7 d4 58. Ra6+
Kd5 59. Ra5+ Kc6 60. Nb1 Rc2 61. Kf3 Rb2 62. Na3 Rb3+ 63. Kf4 Kb6 64. Ra4 d3 65.
Ke3 Rxa3 66. Rxa3 Nc4+ 67. Kxd3 Nxa3 68. Ke4 Nc4 69. Kf5 Nd6+ 70. Kxf6 Ne4+ 71.
Kg6 Nxf2 72. Kxh6 Kc6 73. h5 Kd5 74. Kg7 Ng4 75. h6 1-0

[Event "World Rapid Women 2019"]
[Site "Moscow RUS"]
[Date "2019.12.26"]
[Round "4.27"]
[White "Mammadova, Gulnar"]
[Black "Mammadzada, Gunay"]
[Result "1-0"]
[WhiteTitle "IM"]
[BlackTitle "IM"]
[WhiteElo "2386"]
[BlackElo "2455"]
[WhiteFideId "13403508"]
[BlackFideId "13403729"]
[EventDate "2019.12.26"]
[EventType "rapid"]

1. e4 c5 2. Nf3 d6 3. b3 Nf6 4. Bd3 Nc6 5. Bb2 Bg4 6. h3 Bh5 7. Nc3 e6 8. Bb5
Qc7 9. Qe2 O-O-O 10. Bxc6 Qxc6 11. O-O-O Bxf3 12. Qxf3 d5 13. exd5 exd5 14. Rhe1
Rd7 15. g4 h6 16. a4 a6 17. Kb1 Be7 18. Re2 Bd8 19. Rde1 Kc7 20. Qg3+ Kb6 21. f4
Bc7 22. Qf3 d4 23. Ne4 Nd5 24. Ba3 Bd6 25. f5 Rc8 26. Kb2 Ka7 27. Nxd6 Rxd6 28.
Re5 b5 29. axb5 axb5 30. Ra1 Kb6 31. Kc1 Rdd8 32. Bb2 Re8 33. Rxe8 Rxe8 34. Qf2
Nb4 35. Ba3 Nd5 36. b4 cxb4 37. Bb2 Rc8 38. Qxd4+ Kc7 39. Qxg7 Kb6 40. Bd4+ Kb7
41. Qxf7+ Nc7 42. Ra7+ Kb8 43. Ra2 Re8 44. Ba7+ Kc8 45. Be3 Re4 46. Qf8+ Kd7 47.
f6 b3 48. Qf7+ Kc8 49. Qg8+ Ne8 50. Qxb3 Nxf6 51. Ra5 Nd5 52. Qxb5 Qxb5 53. Rxb5
Nxe3 54. dxe3 Rxe3 55. Rb3 Re4 56. Rb6 h5 57. gxh5 Rh4 58. h6 Rxh3 59. Rg6 Kd7
60. Kb2 Kc7 61. c3 Kd7 62. Kb3 Kc7 63. Kb4 Kb7 64. c4 Rh5 65. c5 Rh1 66. Kc4 Kc7
67. Kd5 Rh5+ 68. Kd4 Kd7 69. Ra6 Kc7 70. Rg6 Kd7 71. c6+ Kc7 72. Ke4 Rh1 73. Kf5
Rf1+ 74. Kg5 1-0

[Event "World Rapid Women 2019"]
[Site "Moscow RUS"]
[Date "2019.12.26"]
[Round "4.28"]
[White "Zatonskih, Anna"]
[Black "Lysenko, Margarita"]
[Result "1/2-1/2"]
[WhiteTitle "IM"]
[BlackTitle "WFM"]
[WhiteElo "2420"]
[BlackElo "2290"]
[WhiteFideId "14101572"]
[BlackFideId "34100200"]
[EventDate "2019.12.26"]
[EventType "rapid"]

1. d4 Nf6 2. Nf3 e6 3. g3 b5 4. Bg2 Bb7 5. O-O Be7 6. Re1 d5 7. Qd3 a6 8. a3 c5
9. dxc5 Bxc5 10. b4 Be7 11. Bb2 Nbd7 12. Nbd2 O-O 13. Nd4 Rc8 14. Qb3 Nb6 15.
Rad1 Qc7 16. Rc1 Nc4 17. Nxc4 Qxc4 18. e3 Rfd8 19. Bf1 Qxb3 20. Nxb3 Ne4 21. Bd4
Bf6 22. f3 Nd6 23. Bxf6 gxf6 24. Nc5 Rc6 25. c3 Bc8 26. a4 bxa4 27. Ra1 Nb7 28.
Nxa4 Bd7 29. Reb1 Kf8 30. Ra3 Ke7 31. Nb2 Rdc8 32. Nd1 Nd6 33. Bxa6 Ra8 34. Rba1
Rb6 35. Bd3 Rxa3 36. Rxa3 f5 37. Kf2 e5 38. f4 e4 39. Be2 Bb5 40. Ra7+ Kf6 41.
Bh5 Rc6 42. Ke1 Bd3 43. Kd2 Nc4+ 44. Kc1 Nd6 45. Kd2 Nc4+ 46. Ke1 Nd6 47. h3 h6
48. Kd2 Nc4+ 49. Kc1 Nd6 50. Kb2 Nc4+ 51. Kb3 Nd6 52. Nb2 Bf1 53. Na4 Bxh3 54.
Nc5 Bg4 55. Nd7+ Ke6 56. Nf8+ Kf6 57. Nd7+ Ke6 58. Nf8+ Kf6 59. Nd7+ 1/2-1/2

[Event "World Rapid Women 2019"]
[Site "Moscow RUS"]
[Date "2019.12.26"]
[Round "4.29"]
[White "Guichard, Pauline"]
[Black "Bykova, Anastasia"]
[Result "1/2-1/2"]
[WhiteTitle "IM"]
[BlackTitle "WFM"]
[WhiteElo "2408"]
[BlackElo "2247"]
[WhiteFideId "639370"]
[BlackFideId "4164970"]
[EventDate "2019.12.26"]
[EventType "rapid"]

1. c4 c6 2. Nf3 d5 3. e3 Nf6 4. Nc3 g6 5. d4 Bg7 6. Be2 O-O 7. O-O a6 8. b3 Ne4
9. Bb2 Nxc3 10. Bxc3 Nd7 11. cxd5 cxd5 12. Rc1 b5 13. Qd2 Nf6 14. Ba5 Qd6 15.
Rc7 Ne4 16. Qb4 Bf6 17. Rfc1 Bf5 18. h3 h5 19. Qxd6 Nxd6 20. Bb4 Rfd8 21. Ne5
Ne8 22. Rb7 Rdc8 23. Rxc8 Bxc8 24. Rb6 e6 25. Ba3 Bd8 26. Rc6 Bb7 27. Rc1 Rc8
28. Rxc8 Bxc8 29. Nc6 Bf6 30. Bc5 Bb7 31. Na5 Bc8 32. Kf1 Kg7 33. Ke1 Bd8 34.
Nc6 Bc7 35. Kd2 Nd6 36. Bd3 Bb7 37. Ne5 f6 38. Nd7 Kf7 39. Bxd6 Bxd6 40. Nc5 Bc8
41. Kc3 g5 42. Kb4 Ke7 43. a4 bxa4 44. Kxa4 e5 45. Be2 h4 46. Ka5 exd4 47. exd4
Bc7+ 48. Ka4 Bb6 49. b4 Bd7+ 50. Kb3 Bb5 51. Bxb5 axb5 52. Kc3 Kd6 53. Kd3 f5
54. Ke3 Ke7 55. Kd3 Bc7 56. Nb3 Bd6 57. Kc3 g4 58. Nc1 Kf6 59. Nd3 Kg5 60. Kd2
Kf6 61. Ke3 Kg5 62. Nc5 f4+ 63. Ke2 f3+ 64. Kf1 fxg2+ 65. Kxg2 gxh3+ 66. Kxh3
Kf4 67. Kxh4 Kf3 68. Kg5 Kxf2 69. Kf5 Ke3 70. Ke6 Bxc5 71. bxc5 b4 72. c6 b3 73.
c7 b2 74. c8=Q b1=Q 75. Qc3+ Ke4 76. Qc5 Qa2 77. Ke7 Qc4 78. Kd6 Qxd4 79. Qc2+
Ke3 80. Qb3+ Ke4 81. Qc2+ Kf4 82. Qh2+ Kg5 83. Qe5+ Qxe5+ 84. Kxe5 d4 85. Kxd4 1/2-1/2

[Event "World Rapid Women 2019"]
[Site "Moscow RUS"]
[Date "2019.12.26"]
[Round "4.30"]
[White "Manakova, Maria"]
[Black "Voit, Daria"]
[Result "1/2-1/2"]
[WhiteTitle "WGM"]
[BlackTitle "WGM"]
[WhiteElo "2238"]
[BlackElo "2336"]
[WhiteFideId "927007"]
[BlackFideId "4182146"]
[EventDate "2019.12.26"]
[EventType "rapid"]

1. e4 e6 2. d4 d5 3. Nc3 Bb4 4. e5 Ne7 5. a3 Bxc3+ 6. bxc3 b6 7. Bd3 Ba6 8. Qe2
Bxd3 9. cxd3 c5 10. dxc5 bxc5 11. a4 Nd7 12. Nf3 Nc6 13. O-O O-O 14. d4 Qa5 15.
Bd2 Rab8 16. Qe3 Qa6 17. dxc5 Qc4 18. Bc1 Rfc8 19. Nd4 Nxc5 20. Nb5 Nb7 21. Ba3
a6 22. Nd6 Nxd6 23. exd6 Rb3 24. Rfc1 Rd8 25. Qc5 Qxc5 26. Bxc5 Ne5 27. Rcb1
Rdb8 28. Rxb3 Rxb3 29. Bb4 f6 30. f4 Nc6 31. d7 Kf7 32. Rd1 f5 33. h3 Rb2 34. a5
h5 35. g3 g6 36. Rd3 Nd8 37. Rd1 1/2-1/2

[Event "World Rapid Women 2019"]
[Site "Moscow RUS"]
[Date "2019.12.26"]
[Round "4.31"]
[White "Gaponenko, Inna"]
[Black "Khokhlova, Daria"]
[Result "1/2-1/2"]
[WhiteTitle "IM"]
[WhiteElo "2396"]
[BlackElo "2208"]
[WhiteFideId "14101181"]
[BlackFideId "24182729"]
[EventDate "2019.12.26"]
[EventType "rapid"]

1. e4 c5 2. c3 g6 3. d4 cxd4 4. cxd4 d5 5. e5 Bg7 6. Nc3 Nc6 7. Bb5 f6 8. Nf3
Bg4 9. Bf4 Nh6 10. exf6 exf6 11. h3 Bxf3 12. Qxf3 O-O 13. Rd1 Nf5 14. Be3 Nce7
15. O-O Nxe3 16. fxe3 Kh8 17. Ba4 Qa5 18. Bb3 Rad8 19. Ne2 Bh6 20. Rc1 Nf5 21.
Nf4 Bxf4 22. Qxf4 Rde8 23. Rc3 Re4 24. Qc7 Qxc7 25. Rxc7 Nxe3 26. Rfc1 Rxd4 27.
Rxb7 Nc4 28. Rxa7 Kg8 29. Bxc4 Rxc4 30. Rd1 d4 31. Rd7 Rc2 32. R1xd4 Rxb2 33. a4
Ra2 34. Kh2 Rf7 35. Rxf7 Kxf7 36. Rd7+ Ke6 37. Ra7 Kd5 38. Kg3 h5 39. Ra8 Kc5
40. Ra6 h4+ 41. Kf3 Ra3+ 42. Kf4 Rg3 43. Rxf6 Kb4 44. Ke5 Rxg2 45. Rf4+ Ka5 46.
Rxh4 Rg3 47. Kf4 Ra3 48. Rh6 Kxa4 49. Kg4 Kb5 50. Rxg6 Kc5 51. Re6 Kd5 52. Re8
Ra1 53. h4 Rg1+ 54. Kf5 Rf1+ 55. Kg6 Rg1+ 56. Kh6 Kd6 57. h5 Kd7 58. Re2 Rg3 59.
Kh7 Rg1 60. h6 Rg3 61. Kh8 Rg1 62. Re5 Rg2 63. Re1 Rg3 64. Kh7 Rg2 65. Ra1 Ke7
66. Ra7+ Kf8 67. Rg7 Rh2 68. Rg5 Rf2 69. Rg7 Rf1 70. Rg2 Rf3 71. Ra2 Rg3 72.
Ra8+ Kf7 73. Ra1 Kf8 74. Ra7 Rg1 75. Ra5 Kf7 76. Rf5+ Ke7 77. Rf2 Rg3 78. Ra2
Kf7 79. Ra7+ Kf8 80. Rg7 Rh3 81. Rg5 Rh1 82. Rf5+ Ke7 83. Kg6 Rg1+ 84. Kh7 Rh1
85. Rf2 Ke8 86. Rf5 Ke7 87. Rf4 Ke8 88. Kg6 Rg1+ 89. Kh7 Rh1 90. Rf6 Rg1 91. Rg6
Rf1 92. Kg7 Rf7+ 93. Kg8 Rf8+ 94. Kh7 Rf7+ 95. Rg7 Kf8 96. Kh8 Rf6 97. Kh7 Rf7
98. Kg6 Rf1 99. Ra7 Rg1+ 100. Kh7 Rg2 101. Ra5 Kf7 102. Rf5+ Ke7 103. Rf1 Rg3
104. Ra1 Rg2 105. Ra7+ Kf8 106. Rg7 Rh2 107. Rg5 Kf7 108. Rf5+ Ke7 109. Kg7 Rg2+
110. Kh8 Rh2 111. Kh7 Rh1 112. Rf2 Rh3 113. Kg6 Rg3+ 114. Kh5 Rh3+ 115. Kg5 Rh1
116. Rf5 Rg1+ 117. Kh5 Rh1+ 118. Kg6 Rg1+ 119. Kh7 Rg2 120. Ra5 Rg1 121. Ra7+
Kf8 122. Rg7 Rh1 123. Rg6 Rh2 124. Rf6+ Ke7 125. Kg7 Rh1 126. Rg6 Rf1 1/2-1/2

[Event "World Rapid Women 2019"]
[Site "Moscow RUS"]
[Date "2019.12.26"]
[Round "4.32"]
[White "Khomeriki, Nino"]
[Black "Muetsch, Annmarie"]
[Result "1-0"]
[WhiteTitle "WGM"]
[BlackTitle "WIM"]
[WhiteElo "2355"]
[BlackElo "2227"]
[WhiteFideId "13603191"]
[BlackFideId "12971367"]
[EventDate "2019.12.26"]
[EventType "rapid"]

1. d4 Nf6 2. c4 g6 3. Nf3 Bg7 4. g3 O-O 5. Bg2 d6 6. Nc3 Nc6 7. O-O a6 8. Bf4
Rb8 9. Rc1 Bd7 10. d5 Na5 11. Nd2 b5 12. cxb5 axb5 13. b4 Nc4 14. Nxc4 bxc4 15.
Rb1 Qc8 16. a4 c6 17. dxc6 Bxc6 18. Bxc6 Qxc6 19. b5 Qc5 20. Qc2 Qh5 21. f3 Qc5+
22. Kg2 e5 23. Bg5 d5 24. Rfd1 Rfd8 25. a5 Rd6 26. a6 h6 27. Bxf6 Bxf6 28. b6
Rbd8 29. Rb5 Qa3 30. a7 Qa6 31. Qa4 Qb7 32. Rbxd5 Rxd5 33. Rxd5 Ra8 34. Rd6 Bd8
35. Qc6 1-0

[Event "World Rapid Women 2019"]
[Site "Moscow RUS"]
[Date "2019.12.26"]
[Round "4.33"]
[White "Injac, Teodora"]
[Black "Maltsevskaya, Aleksandra"]
[Result "0-1"]
[WhiteTitle "WIM"]
[BlackTitle "WGM"]
[WhiteElo "2284"]
[BlackElo "2318"]
[WhiteFideId "932400"]
[BlackFideId "24174041"]
[EventDate "2019.12.26"]
[EventType "rapid"]

1. d4 Nf6 2. Nf3 g6 3. c4 Bg7 4. Nc3 O-O 5. e4 d6 6. Be2 e5 7. O-O Nc6 8. Be3
Ng4 9. Bg5 f6 10. Bc1 Qe8 11. Nb5 Qd8 12. h3 Nh6 13. c5 a6 14. Nc3 dxc5 15. dxe5
fxe5 16. Bc4+ Kh8 17. Be3 Nd4 18. Nxe5 Bxe5 19. Bxh6 Nf3+ 20. gxf3 Qh4 21. Qd5
Re8 22. f4 Bxh3 23. Be2 Qxh6 24. f3 Qxf4 0-1

[Event "World Rapid Women 2019"]
[Site "Moscow RUS"]
[Date "2019.12.26"]
[Round "4.34"]
[White "Nilssen, Ellen Fredericia"]
[Black "Pourkashiyan, Atousa"]
[Result "0-1"]
[WhiteTitle "WFM"]
[BlackTitle "WGM"]
[WhiteElo "2000"]
[BlackElo "2305"]
[WhiteFideId "1441230"]
[BlackFideId "12502014"]
[EventDate "2019.12.26"]
[EventType "rapid"]

1. d4 Nf6 2. c4 e6 3. Nf3 d5 4. Nc3 Nbd7 5. cxd5 exd5 6. Bg5 Be7 7. e3 c6 8. Bd3
O-O 9. Qc2 Re8 10. h3 Nf8 11. O-O Ne4 12. Bxe7 Qxe7 13. Bxe4 dxe4 14. Nd2 f5 15.
d5 Kh8 16. Rfd1 Bd7 17. Qb3 b6 18. Nc4 Ng6 19. dxc6 Bxc6 20. Nd6 Rf8 21. Qc4 Ne5
22. Qe2 Nd3 23. Ndb5 Rad8 24. Nd4 Bb7 25. Nb3 Qg5 26. a4 Qg6 27. a5 f4 28. Qg4
Qf7 29. exf4 Qxb3 30. axb6 Qxb6 31. Qg3 a6 32. Rd2 Nxf4 33. Rxd8 Qxd8 34. Rd1
Qxd1+ 35. Nxd1 Ne2+ 0-1

[Event "World Rapid Women 2019"]
[Site "Moscow RUS"]
[Date "2019.12.26"]
[Round "4.35"]
[White "Guseva, Marina"]
[Black "Serikbay, Assel"]
[Result "0-1"]
[WhiteTitle "IM"]
[BlackTitle "WIM"]
[WhiteElo "2373"]
[BlackElo "2286"]
[WhiteFideId "4149351"]
[BlackFideId "13706799"]
[EventDate "2019.12.26"]
[EventType "rapid"]

1. d4 d5 2. c4 c6 3. Nc3 Nf6 4. e3 a6 5. Nf3 g6 6. b3 Bg7 7. Bd3 O-O 8. O-O Nbd7
9. Bb2 b5 10. Qe2 Bb7 11. Rfd1 Qb8 12. Rab1 Re8 13. h3 e5 14. dxe5 Nxe5 15. Nxe5
Rxe5 16. cxd5 cxd5 17. Qc2 Re8 18. Ne2 Qd6 19. Bd4 Nd7 20. Bxg7 Kxg7 21. Nf4
Rac8 22. Qd2 Nc5 23. Be2 Ne4 24. Qb2+ Qf6 25. Rd4 Nc3 26. Rc1 b4 27. Bf3 Nb5 28.
Rcd1 Nxd4 29. Rxd4 Red8 30. h4 Kg8 31. h5 a5 32. hxg6 hxg6 33. a3 bxa3 34. Qxa3
Kg7 35. g3 Rh8 36. Kg2 Rc2 37. Qxa5 g5 38. Nxd5 Rh2+ 39. Kxh2 Qxf3 40. Qd8 Rxf2+
41. Kh3 Qh1+ 42. Kg4 f5+ 0-1

[Event "World Rapid Women 2019"]
[Site "Moscow RUS"]
[Date "2019.12.26"]
[Round "4.36"]
[White "Yakimova, Mariya"]
[Black "Mamedjarova, Turkan"]
[Result "1/2-1/2"]
[WhiteTitle "WFM"]
[BlackTitle "WGM"]
[WhiteElo "2288"]
[BlackElo "2310"]
[WhiteFideId "34188859"]
[BlackFideId "13402005"]
[EventDate "2019.12.26"]
[EventType "rapid"]

1. d4 Nf6 2. c4 g6 3. Nf3 Bg7 4. g3 d5 5. cxd5 Nxd5 6. Bg2 Nb6 7. O-O Nc6 8. e3
O-O 9. Nc3 e5 10. d5 Ne7 11. e4 Bg4 12. Qb3 Qd7 13. a4 Rab8 14. a5 Nbc8 15. Be3
Kh8 16. Rac1 f5 17. Ng5 f4 18. Bc5 f3 19. Bh1 Bh6 20. Be3 Ng8 21. Nb5 c6 22. Qc3
Nce7 23. dxc6 Nxc6 24. Rfd1 Qe7 25. h4 Rfd8 26. Qb3 Nxa5 27. Qa2 Rxd1+ 28. Rxd1
Nc6 29. Nf7+ Kg7 30. Nxh6 Nxh6 31. Nxa7 Nf7 32. Nxc6 bxc6 33. Qc4 Rxb2 34. Qxc6
h6 35. Bc5 Qb7 36. Qe8 Qb8 37. Qxb8 Rxb8 38. Ba7 Rb7 39. Bc5 Rb3 40. Ra1 g5 41.
Rd1 Rc3 42. Bb6 Kg6 43. Kh2 Rc4 44. Rd3 Rxe4 45. Bxf3 Bxf3 46. Rxf3 Rb4 47. Bc5
Rc4 48. h5+ Kxh5 49. Rxf7 Rxc5 50. Kg2 e4 51. Re7 Rc4 52. Re6 g4 53. Re5+ Kg6
54. Re6+ Kg5 55. Kf1 h5 56. Ke2 h4 57. gxh4+ Kxh4 58. Ke3 Rc1 59. Rxe4 Re1+ 60.
Kd3 Rf1 61. Ke2 Ra1 62. f3 1/2-1/2

[Event "World Rapid Women 2019"]
[Site "Moscow RUS"]
[Date "2019.12.26"]
[Round "4.37"]
[White "Bodnaruk, Anastasia"]
[Black "Antova, Gabriela"]
[Result "1-0"]
[WhiteTitle "IM"]
[BlackTitle "FM"]
[WhiteElo "2413"]
[BlackElo "2314"]
[WhiteFideId "4181751"]
[BlackFideId "2915235"]
[EventDate "2019.12.26"]
[EventType "rapid"]

1. e4 c5 2. Nc3 d6 3. d4 cxd4 4. Qxd4 Nc6 5. Qd2 g6 6. b3 Bh6 7. f4 Nf6 8. Bb2
O-O 9. O-O-O a5 10. Bd3 Nb4 11. Kb1 Nxd3 12. cxd3 Bd7 13. Nge2 a4 14. bxa4 Bxa4
15. Nxa4 Rxa4 16. Nc3 Ra5 17. d4 b5 18. e5 Ne8 19. Nd5 Ra7 20. Nb4 Qa5 21. a3
Qa4 22. Qe3 Ng7 23. d5 Nf5 24. Qe4 Rc8 25. Rc1 Rac7 26. g4 Rc4 27. gxf5 Rxe4 28.
Rxc8+ Bf8 29. f6 exf6 30. exd6 Qa7 31. Nc6 Qd7 32. Rd8 Qf5 33. Ka1 Kg7 34. Rd1
Rxf4 35. d7 Rf2 36. Rxf8 Qxd7 37. Rd8 Qf5 38. Nd4 Qh5 39. Rb1 Qxh2 40. d6 Qg2
41. d7 Rxb2 1-0

[Event "World Rapid Women 2019"]
[Site "Moscow RUS"]
[Date "2019.12.26"]
[Round "4.38"]
[White "Zimina, Olga"]
[Black "Zhuravleva, Olga"]
[Result "1-0"]
[WhiteTitle "IM"]
[BlackTitle "WIM"]
[WhiteElo "2390"]
[BlackElo "2278"]
[WhiteFideId "4132190"]
[BlackFideId "4145933"]
[EventDate "2019.12.26"]
[EventType "rapid"]

1. Nf3 Nf6 2. c4 e6 3. g3 b6 4. Bg2 Bb7 5. O-O c5 6. Nc3 Be7 7. Re1 O-O 8. e4 d6
9. d4 cxd4 10. Nxd4 Qc7 11. Be3 a6 12. Rc1 Nbd7 13. b3 Rfe8 14. Qe2 Rac8 15. f4
Nc5 16. Bf2 Bf8 17. Nc2 h6 18. g4 d5 19. e5 Nfe4 20. Nxe4 Nxe4 21. Bd4 Red8 22.
Qe3 Nc5 23. b4 Nd7 24. cxd5 Bxd5 25. Bxd5 exd5 26. e6 fxe6 27. Qxe6+ Kh7 28.
Qf5+ Kh8 29. Re6 Nf6 30. g5 hxg5 31. fxg5 Ne4 32. Rh6+ Kg8 33. Qe6+ 1-0